| Поле | Инд. | ПП | Название | Значение |
|---|---|---|---|---|
| Тип записи | a | |||
| Библиографический уровень | m | |||
| 001 | Контрольный номер | RU/LIBMSTU/416330953 | ||
| 005 | Дата корректировки | 20190314155617.5 | ||
| 040 | b | Код языка каталог. | rus | |
| 041 | 0_ | a | Код языка текста | rus |
| 084 | a | Индекс другой классификации/Индекс ББК | 26.34я7+26.82я7 | |
| 090 | a | Полочн. индекс | 26.3 | |
| x | Авторский знак | Я 49 | ||
| 100 | 1_ | a | Автор | Якушова А. Ф. |
| 245 | 10 | a | Заглавие | Геология с элементами геоморфологии |
| b | Продолж. заглавия | учебник для вузов | ||
| 250 | a | Основные сведения об издании | Изд. 2-е, перераб. и доп. | |
| 260 | a | Место издания | Москва | |
| b | Издательство | Изд-во МГУ | ||
| c | Дата издания | 1983 | ||
| 300 | a | Объем | 373, [1] c. | |
| b | Иллюстрации/ тип воспроизводства | ил. | ||
| 504 | a | Библиография | Библиогр.: с. 357-360 | |
| 650 | 04 | a | Основная рубрика | Геология-Учебные издания для высших учебных заведений |
| 650 | 14 | a | Основная рубрика | Геоморфология-Учебные издания для высших учебных заведений |
| 653 | 0_ | a | Ключевые слова | Геология; Геоморфология; Землетрясения; Земля; Магматизм; Рельеф; Рельеф морского дна |
| 901 | t | Тип документа | m | |
| 952 | b | Гриф литературы для ВШ | Допущено М-вом высш. и сред. спец. образования СССР | |
| c | Вид литературы | учебник |